[Event "TUR-chT2"]
[Site "Konya"]
[Date "2018.07.14"]
[Round "8.16"]
[White "Ozturkler, Baris"]
[Black "Alac, Mehmet"]
[Result "1-0"]
[WhiteElo "2016"]
[BlackElo "1684"]
[PlyCount "79"]
[EventDate "2018.07.10"]
[EventType "team-swiss"]
[EventRounds "9"]
[EventCountry "TUR"]
[SourceTitle "EXT 2019"]
[Source "ChessBase"]
[SourceDate "2018.10.10"]
[SourceVersion "1"]
[SourceVersionDate "2018.10.10"]
[SourceQuality "1"]
[WhiteTeam "Akcakoca Esentepe Okulu"]
[BlackTeam "Polatli Belediyesi"]
[WhiteTeamCountry "TUR"]
[BlackTeamCountry "TUR"]

1. e4 c5 2. Nf3 d6 3. g3 Nf6 4. d3 e6 5. Bg2 Qc7 6. 0-0 b5 7. Nbd2 Bb7 8. Re1 Nbd7 9. c3 Be7 10. Nf1 c4 11. Nd4 a6 12. a4 e5 13. Nf5 g6 14. Nxe7 Kxe7 15. d4 Nb6 16. a5 Na4 17. f4 exd4 18. cxd4 Kf8 19. Qc2 Qxa5 20. Rd1 Qb6 21. Ne3 Rc8 22. e5 Bxg2 23. Qxg2 dxe5 24. fxe5 Nd7 25. Nd5 Qe6 26. Bh6+ Ke8 27. Nc7+ Rxc7 28. Qa8+ Ke7 29. Bg5+ f6 30. exf6+ Nxf6 31. Qxh8 Kd7 32. Re1 Qf7 33. Bxf6 Rc8 34. Qg7 Qxg7 35. Bxg7 Nxb2 36. Rxa6 c3 37. Bf6 Rc7 38. Re7+ Kc8 39. Ra8+ Kb7 40. Ra7+ 1-0

[Event "TUR-chT2"]
[Site "Konya"]
[Date "2018.07.13"]
[Round "6.5"]
[White "Alac, Mehmet"]
[Black "Taskaya, Muhammed"]
[Result "0-1"]
[WhiteElo "1684"]
[BlackElo "2037"]
[PlyCount "50"]
[EventDate "2018.07.10"]
[EventType "team-swiss"]
[EventRounds "9"]
[EventCountry "TUR"]
[SourceTitle "EXT 2019"]
[Source "ChessBase"]
[SourceDate "2018.10.10"]
[SourceVersion "1"]
[SourceVersionDate "2018.10.10"]
[SourceQuality "1"]
[WhiteTeam "Polatli Belediyesi"]
[BlackTeam "Duzce Duzcespor"]
[WhiteTeamCountry "TUR"]
[BlackTeamCountry "TUR"]

1. e4 e6 2. b3 d5 3. Bb2 Nf6 4. e5 Nfd7 5. f4 c5 6. Nf3 Nc6 7. d3 Be7 8. Be2 0-0 9. 0-0 f6 10. Nbd2 fxe5 11. Nxe5 Qc7 12. Ndf3 Rxf4 13. Bc1 Rf8 14. Nxc6 bxc6 15. Ng5 Qe5 16. d4 cxd4 17. Nf3 Qe4 18. h3 Ne5 19. Ng5 Rxf1+ 20. Bxf1 Qh4 21. Nf3 Nxf3+ 22. Qxf3 Bd6 23. Bb2 Bd7 24. g3 Bxg3 25. Kg2 Bd6 0-1

[Event "TUR Cup										"]
[Site "Antalya"]
[Date "2018.02.03"]
[Round "11"]
[White "Alac, Mehmet"]
[Black "Hatipli, Mehmet"]
[Result "1-0"]
[WhiteElo "1554"]
[BlackElo "1871"]
[PlyCount "79"]
[EventDate "2018.01.27"]
[EventType "swiss"]
[EventRounds "11"]
[EventCountry "TUR"]
[SourceTitle "CBM 182 Extra"]
[Source "ChessBase"]
[SourceDate "2018.02.23"]
[SourceVersion "1"]
[SourceVersionDate "2018.02.23"]
[SourceQuality "1"]

1. e4 c5 2. Nc3 Nc6 3. Bc4 e6 4. f4 a6 5. a4 d6 6. Nf3 Nf6 7. 0-0 d5 8. Ba2 dxe4 9. Ng5 Qd4+ 10. Kh1 h6 11. Nh3 Be7 12. Nf2 b6 13. Ne2 Qxa4 14. Bd5 Qb5 15. c4 exd5 16. cxb5 Nb4 17. d3 0-0 18. Bd2 exd3 19. Bxb4 dxe2 20. Qxe2 Re8 21. Bd2 Bd6 22. Qd3 c4 23. Qc2 a5 24. b4 cxb3 25. Qxb3 Be6 26. Rfe1 d4 27. Qd3 Rac8 28. f5 Bc4 29. Rxe8+ Nxe8 30. Qxd4 Bxb5 31. Qxb6 Bd7 32. Qxa5 Nf6 33. Bc3 Bc5 34. Nd3 Ne4 35. Nxc5 Nxc5 36. Rf1 Ne4 37. Bb2 Kh7 38. Rc1 Re8 39. Qd5 Ba4 40. Qxf7 1-0

[Event "TUR Cup										"]
[Site "Antalya"]
[Date "2018.01.30"]
[Round "5"]
[White "Alac, Mehmet"]
[Black "Ince, Safiye Oyku"]
[Result "1/2-1/2"]
[WhiteElo "1554"]
[BlackElo "1832"]
[PlyCount "69"]
[EventDate "2018.01.27"]
[EventType "swiss"]
[EventRounds "11"]
[EventCountry "TUR"]
[SourceTitle "CBM 182 Extra"]
[Source "ChessBase"]
[SourceDate "2018.02.23"]
[SourceVersion "1"]
[SourceVersionDate "2018.02.23"]
[SourceQuality "1"]

1. e4 c5 2. Nf3 e6 3. d4 cxd4 4. Nxd4 a6 5. Nc3 Qc7 6. a3 Nf6 7. Be3 Nc6 8. Qd2 b5 9. Be2 Bb7 10. f3 b4 11. axb4 Bxb4 12. Ra4 Ba5 13. Nb3 Bb4 14. Bc5 Bxc5 15. Nxc5 0-0 16. Nxb7 Qxb7 17. 0-0 Rfd8 18. Rb1 d5 19. exd5 Nxd5 20. Nxd5 Rxd5 21. Qe1 Re5 22. Qf1 a5 23. c3 Rd8 24. f4 Qa7+ 25. Kh1 Re3 26. Bf3 Ne7 27. Qb5 Red3 28. Qxa5 Qf2 29. Qa7 Rxf3 30. gxf3 Qxf3+ 31. Kg1 Qg4+ 32. Kh1 Qf3+ 33. Kg1 Qg4+ 34. Kh1 Qf3+ 35. Kg1 1/2-1/2

[Event "TUR Cup										"]
[Site "Antalya"]
[Date "2018.01.29"]
[Round "4"]
[White "Toy, Selim"]
[Black "Alac, Mehmet"]
[Result "0-1"]
[WhiteElo "1442"]
[BlackElo "1554"]
[PlyCount "52"]
[EventDate "2018.01.27"]
[EventType "swiss"]
[EventRounds "11"]
[EventCountry "TUR"]
[SourceTitle "CBM 182 Extra"]
[Source "ChessBase"]
[SourceDate "2018.02.23"]
[SourceVersion "1"]
[SourceVersionDate "2018.02.23"]
[SourceQuality "1"]

1. e4 d6 2. d4 Nf6 3. Nc3 g6 4. Be3 Bg7 5. Be2 Nbd7 6. Qd2 c6 7. 0-0-0 0-0 8. Bh6 b5 9. Bxg7 Kxg7 10. e5 Ne8 11. h4 h5 12. g4 hxg4 13. Bxg4 Nxe5 14. Bxc8 Nc4 15. Qg5 Rxc8 16. h5 e5 17. h6+ Kh7 18. Qg3 Nf6 19. Nf3 b4 20. Ng5+ Kh8 21. h7 bxc3 22. Nxf7+ Rxf7 23. Qxg6 cxb2+ 24. Kb1 Rg7 25. Qxg7+ Kxg7 26. Rdg1+ Kh8 0-1

[Event "TUR Cup"]
[Site "Antalya"]
[Date "2017.02.04"]
[Round "11"]
[White "Gorgulu, Talha Ozan"]
[Black "Alac, Mehmet"]
[Result "0-1"]
[WhiteElo "1136"]
[BlackElo "1480"]
[PlyCount "88"]
[EventDate "2017.01.28"]
[EventType "swiss"]
[EventRounds "11"]
[EventCountry "TUR"]
[SourceTitle "EXT 2018"]
[Source "ChessBase"]
[SourceDate "2017.10.13"]
[SourceVersion "1"]
[SourceVersionDate "2017.10.13"]
[SourceQuality "1"]

1. e4 c5 2. Nf3 d6 3. d4 cxd4 4. Nxd4 Nf6 5. Nc3 g6 6. Bb5+ Bd7 7. Bxd7+ Nbxd7 8. 0-0 Nc5 9. f3 Bg7 10. Nce2 0-0 11. c3 Rc8 12. Be3 a6 13. Nb3 Nfd7 14. Nxc5 Nxc5 15. Bd4 Ne6 16. Bxg7 Kxg7 17. Nd4 Qb6 18. Rf2 Nxd4 19. Qxd4+ Qxd4 20. cxd4 Rc4 21. Rd1 Rfc8 22. Rdd2 b5 23. h3 a5 24. d5 Kf6 25. Kf1 Ke5 26. Ke2 f5 27. exf5 gxf5 28. g3 Rd4 29. Rxd4 Kxd4 30. Kd1 Kxd5 31. Re2 e5 32. Rg2 Kd4 33. Rd2+ Ke3 34. Rxd6 Kxf3 35. Rd5 Kxg3 36. Rxe5 f4 37. Rxb5 Re8 38. Rg5+ Kxh3 39. Rh5+ Kg2 40. Rxh7 f3 41. Rg7+ Kf1 42. Rg5 f2 43. Kd2 Rd8+ 44. Ke3 Ke1 0-1

[Event "TUR Cup"]
[Site "Antalya"]
[Date "2017.01.31"]
[Round "6"]
[White "Alac, Mehmet"]
[Black "Catal, Uktenur"]
[Result "0-1"]
[WhiteElo "1480"]
[BlackElo "1666"]
[PlyCount "111"]
[EventDate "2017.01.28"]
[EventType "swiss"]
[EventRounds "11"]
[EventCountry "TUR"]
[SourceTitle "CBM 176 Extra"]
[Source "ChessBase"]
[SourceDate "2017.03.02"]
[SourceVersion "1"]
[SourceVersionDate "2017.03.02"]
[SourceQuality "1"]

1. e4 c5 2. Nf3 e6 3. d4 cxd4 4. Nxd4 a6 5. Nc3 b5 6. Be3 Bb7 7. Bd3 Qc7 8. Qd2 Nf6 9. f3 Nc6 10. 0-0-0 d6 11. h4 h5 12. Nxc6 Bxc6 13. Bg5 Be7 14. Qf2 b4 15. Ne2 d5 16. e5 Ng8 17. Be3 Nh6 18. Bb6 Qb7 19. Ng3 g6 20. Be3 a5 21. Qd2 Ng8 22. Ne2 a4 23. Nd4 Bd7 24. Qe2 Bc5 25. Kb1 Qb6 26. Qf2 Rc8 27. Rhe1 Ne7 28. Re2 Rc7 29. Rc1 Nc8 30. c3 b3 31. a3 Na7 32. g4 Rc8 33. Ree1 Rc7 34. Be2 Qa5 35. gxh5 Rxh5 36. f4 Rh8 37. Qg3 Bxd4 38. Bxd4 Bb5 39. Bg4 Qa6 40. Bxa7 Bd3+ 41. Ka1 Rxa7 42. h5 gxh5 43. Rh1 Bg6 44. Qh4 Kd7 45. Qg5 Raa8 46. Bxh5 Rag8 47. Bxg6 Rxh1 48. Rxh1 fxg6 49. Qh4 Qa7 50. Qe1 Kc6 51. Kb1 Qc5 52. Qf1 Qb5 53. Qf3 Qc4 54. Kc1 Qc5 55. Kd2 Qc4 56. Rh2 0-1